Capital sidérurgique et classe ouvrière en lorraine

שמור ב:
מידע ביבליוגרפי
מחבר ראשי: Freyssenet, Michel
פורמט: ספר
שפה:Undetermined
יצא לאור: Paris Centre de Sociologie Urbaine 1976
נושאים:
תגים: הוספת תג
אין תגיות, היה/י הראשונ/ה לתייג את הרשומה!
Thư viện lưu trữ: Trung tâm Học liệu Trường Đại học Cần Thơ
LEADER 00565nam a2200193Ia 4500
001 CTU_78452
008 210402s9999 xx 000 0 und d
082 |a 338.4 
082 |b F893 
100 |a Freyssenet, Michel 
245 0 |a Capital sidérurgique et classe ouvrière en lorraine 
245 0 |c Michel Freyssenet, Francoise Imbert 
260 |a Paris 
260 |b Centre de Sociologie Urbaine 
260 |c 1976 
650 |a Steel industry and trade 
650 |x Statistics 
650 |z France 
980 |a Trung tâm Học liệu Trường Đại học Cần Thơ